Gothic I - II NK przeciwnicy - Statystyki

Ogólne statystyki
  • Ten quiz został rozwiązany 96 razy
  • Średni wynik to 54 z 114
Statystyki odpowiedzi
Podpowiedź Odpowiedź % Poprawnych
ork Ork
97%
zwierzę Ścierwojad
97%
zwierzę Wilk
94%
zwierzę Kretoszczur
89%
ork Ork szaman
89%
ork Ork wojownik
89%
golem Kamienny golem
87%
zwierzę Krwiopijca
85%
ożywieniec Szkielet
85%
zwierzę Goblin
84%
golem Lodowy golem
84%
golem Ognisty golem
84%
zwierzę Troll
84%
demon Demon
82%
zwierzę Cieniostwór
81%
zwierzę Jaszczur
81%
zwierzę Zębacz
81%
zwierzę Chrząszcz
79%
zwierzę Topielec
79%
zwierzę Warg
79%
zwierzę Ognisty jaszczur
74%
zwierzę Pełzacz
74%
smok Smok-Ożywieniec
74%
ożywieniec Szkielet mag
74%
zwierzę Czarny goblin
73%
ork Ork zwiadowca
73%
zwierzę Czarny troll
71%
demon Książę demonów
69%
zwierzę Polna bestia
69%
ożywieniec Zombi
69%
zwierzę Goblin wojownik
68%
zwierzę Harpia
68%
zwierzę Pełzacz wojownik
68%
ożywieniec Szkielet wojownik
68%
zwierzę Orkowy pies
65%
ork Ork elita
63%
zwierzę Młody ścierwojad
61%
zwierzę Wąż błotny
61%
ork ożywieniec Ork ożywieniec
60%
zwierzę Smoczy zębacz
60%
zwierzę Dzik
58%
zwierzę Kąsacz
58%
zwierzę Olbrzymi szczur
58%
zwierzę Owca
56%
demon Śniący
56%
zwierzę Bagienny truteń
55%
zwierzę Brzytwa
55%
zwierzę Ogar
55%
zwierzę Młody wilk
53%
zwierzę Młody kretoszczur
52%
golem Bagienny golem
50%
quest Czarny wilk
50%
ożywieniec Szkielet goblin
50%
quest Królowa pełzaczy
48%
zwierzę Brzytwiak
47%
zwierzę Jaszczuroczłek
45%
zwierzę Młoda polna bestia
45%
zwierzę Młody troll
44%
smok Feomathar
42%
ożywieniec Kamienny strażnik
40%
zwierzę Bagienny szczur
39%
ork Ork żołnierz
39%
zwierzę Polny pełzacz
39%
zwierzę Lodowy wilk
37%
duch Ognik
37%
ork Ork wiarus
35%
golem Magiczny golem
34%
zwierzę Młody olbrzymi szczur
34%
demon Ognisty demon
34%
zwierzę Pustynny szczur
34%
ożywieniec Szkielet cieniostwór
34%
quest Topielec spod tamy
34%
ork Hosh-Pak
32%
zwierzę Mały krwiopijca
32%
ork Herszt orków
31%
ork Ork myśliwy
31%
zwierzę Świątynny pełzacz
31%
ork Ork pułkownik z wyspy Irdorath
29%
ork Ork pułkownik z wyspy Khorinis
29%
ożywieniec Wojownik cienia
29%
smok Finkregh
27%
ożywieniec Inubis
27%
ożywieniec Nadzorca
27%
ożywieniec Pomniejszy szkielet
27%
zwierzę Preriowy ścierwojad
27%
quest Golem mostowy
26%
smok Pandrodor
26%
zwierzę Troll jaskiniowy
26%
smok Feodaron
24%
ork Ork niewolnik
24%
smok Pedrakhan
24%
ożywieniec Szkielet zwiadowca
24%
ork Ork strażnik
23%
quest Prychający smoczy zębacz
23%
ożywieniec Archol
21%
demon Pomniejszy demon
21%
zwierzę Krwawy ogar
19%
ork ożywieniec Grash-Varrag-Arushat
18%
ork ożywieniec Opiekun świątyni
18%
ork ożywieniec Varrag-Hashor
18%
ork ożywieniec Varrag-Kasorg
18%
ork ożywieniec Varrag-Ruuushk
18%
ork ożywieniec Varrag-Unhilqt
16%
quest Betsy
15%
ożywieniec Sługa Kruka
15%
demon Demon ognia
13%
zwierzę Gobliński wojownik
11%
ożywieniec Strażnik krypty
11%
ożywieniec Szkielet maga z wieży mgieł
11%
quest Przywódca grupy
8%
ork Wódz hordy
8%
ork ożywieniec Starszy opiekun świątyni
6%
Gothic I
0%
Gothic II NK
0%
Nie znaleziono quizów pasujących do podanych kryteriów
Rozkład punktacji
Procent ludzi z każdym wynikiem
Percentyl według liczby udzielonych odpowiedzi
Twoja historia wyników
Nie rozwiązałeś tego quizu